[Event "Steinfurt Bezirksklasse 0506"]
[Site "Germany"]
[Date "2006.04.01"]
[Round "7.4"]
[White "Heeger, Klaus"]
[Black "Limberg, Johannes"]
[Result "1-0"]
[WhiteElo "1341"]
[BlackElo "1394"]
[PlyCount "43"]
[EventDate "2005.09.10"]
[EventType "team-tourn"]
[EventRounds "7"]
[EventCountry "GER"]
[SourceTitle "EXT 2006"]
[Source "ChessBase"]
[SourceDate "2005.11.24"]
[SourceVersion "1"]
[SourceVersionDate "2005.11.24"]
[SourceQuality "1"]
[WhiteTeam "Emsdetten Rochade IV"]
[BlackTeam "Rheine SG"]
[WhiteTeamCountry "GER"]
[BlackTeamCountry "GER"]

1. d4 d5 2. e4 dxe4 3. f3 Nf6 4. Nc3 Bf5 5. Bc4 Nc6 6. Bg5 Nxd4 7. Bxf6 gxf6 8. fxe4 Bg6 9. Qd3 a6 10. 0-0-0 e5 11. a3 b5 12. Bd5 c6 13. Ba2 Qb6 14. Nf3 Rd8 15. Kb1 Bh5 16. h3 c5 17. Nd5 Qc6 18. Nxd4 exd4 19. g4 Bg6 20. Rhf1 Bg7 21. Rde1 0-0 22. Ne7+ 1-0

[Event "Steinfurt Bezirksklasse 0506"]
[Site "Germany"]
[Date "2005.12.03"]
[Round "4.3"]
[White "Heeger, Klaus"]
[Black "Sperling, Rainer"]
[Result "1-0"]
[WhiteElo "1341"]
[BlackElo "1557"]
[PlyCount "63"]
[EventDate "2005.09.10"]
[EventType "team-tourn"]
[EventRounds "7"]
[EventCountry "GER"]
[SourceTitle "EXT 2006"]
[Source "ChessBase"]
[SourceDate "2005.11.24"]
[SourceVersion "1"]
[SourceVersionDate "2005.11.24"]
[SourceQuality "1"]
[WhiteTeam "Emsdetten Rochade IV"]
[BlackTeam "Reckenfeld II"]
[WhiteTeamCountry "GER"]
[BlackTeamCountry "GER"]

1. d4 d5 2. e4 dxe4 3. f3 exf3 4. Nxf3 e6 5. Bb5+ c6 6. Be2 Nf6 7. Bg5 h6 8. Bxf6 Qxf6 9. 0-0 Bd6 10. Ne5 Bxe5 11. Rxf6 Bxf6 12. c3 0-0 13. Nd2 Nd7 14. Qc2 Bg5 15. Nf3 Be7 16. Rf1 Nf6 17. Ne5 Bd6 18. Rxf6 gxf6 19. Ng4 f5 20. Ne5 Bxe5 21. dxe5 Bd7 22. Qd2 Rfd8 23. Qxh6 Be8 24. g4 fxg4 25. Bxg4 Rd5 26. Qf6 Rad8 27. h4 Rd3 28. Kf1 R8d5 29. h5 Rg3 30. Qg5+ Kf8 31. h6 f6 32. Qg7# 1-0

[Event "Steinfurt Bezirksklasse 0405"]
[Site "Germany"]
[Date "2004.11.27"]
[Round "4.5"]
[White "Stroot, Helmut"]
[Black "Heeger, Klaus"]
[Result "1-0"]
[WhiteElo "1418"]
[BlackElo "1335"]
[PlyCount "77"]
[EventDate "2004.09.18"]
[EventType "team-tourn"]
[EventRounds "11"]
[EventCountry "GER"]
[SourceTitle "EXT 2006"]
[Source "ChessBase"]
[SourceDate "2005.11.24"]
[SourceVersion "1"]
[SourceVersionDate "2005.11.24"]
[SourceQuality "1"]
[WhiteTeam "Rheine CC"]
[BlackTeam "Emsdetten Rochade IV"]
[WhiteTeamCountry "GER"]
[BlackTeamCountry "GER"]

1. d4 Nf6 2. Nf3 d5 3. Bg5 Ne4 4. h4 h6 5. Bf4 Bf5 6. Nbd2 Nd7 7. e3 a6 8. Bd3 Ndf6 9. Ne5 e6 10. g4 Bh7 11. Qe2 Bb4 12. c3 Bd6 13. g5 Nd7 14. Bxe4 Bxe5 15. Bxe5 Nxe5 16. Bxh7 Rxh7 17. dxe5 hxg5 18. h5 Qe7 19. 0-0-0 0-0-0 20. Qg4 Rdh8 21. Rdg1 f6 22. Nf3 Kb8 23. Nd4 c5 24. Nxe6 g6 25. exf6 Qxf6 26. Qg3+ Ka7 27. Nxc5 Rxh5 28. Rxh5 Rxh5 29. Nd7 Qh8 30. Qd6 Qd8 31. Qxg6 Rh2 32. Qf7 Rh6 33. Qxd5 Rh7 34. Rd1 Rh2 35. Rd2 g4 36. Qd4+ b6 37. Qxg4 Rh1+ 38. Kc2 Rh4 39. Qg3 1-0

[Event "Steinfurt Bezirksklasse 0304"]
[Site "Germany"]
[Date "2004.02.28"]
[Round "7.5"]
[White "Heeger, Klaus"]
[Black "Dieckmann, Stefan"]
[Result "1/2-1/2"]
[WhiteElo "1341"]
[BlackElo "1556"]
[PlyCount "116"]
[EventDate "2003.09.27"]
[EventType "team-tourn"]
[EventRounds "11"]
[EventCountry "GER"]
[SourceTitle "EXT 2005"]
[Source "ChessBase"]
[SourceDate "2004.11.15"]
[SourceVersion "1"]
[SourceVersionDate "2004.11.15"]
[SourceQuality "1"]
[WhiteTeam "Emsdetten Rochade IV"]
[BlackTeam "Saerbeck Falke III"]
[WhiteTeamCountry "GER"]
[BlackTeamCountry "GER"]

1. d4 Nf6 2. Nc3 d5 3. e4 dxe4 4. f3 exf3 5. Nxf3 Bg4 6. Bc4 c6 7. Bxf7+ Kxf7 8. Ne5+ Ke8 9. Nxg4 Nxg4 10. Qxg4 Nd7 11. Bg5 Nf6 12. Bxf6 exf6 13. 0-0 Qd7 14. Rae1+ Kd8 15. Re6 Kc7 16. Qe4 Rd8 17. Ne2 Qd5 18. Qxd5 Rxd5 19. c4 Rd6 20. Re8 Rd8 21. Re4 c5 22. d5 Bd6 23. Nc3 a6 24. b3 Rde8 25. Rfe1 Re5 26. Rxe5 Bxe5 27. Ne4 Re8 28. Kf1 b6 29. h3 Kd7 30. Re2 h6 31. g4 Rf8 32. Kg2 Rc8 33. Kf3 b5 34. Rc2 Bd6 35. cxb5 axb5 36. Nc3 c4 37. Nxb5 c3 38. Rxc3 Ra8 39. a4 Rb8 40. Nxd6 Kxd6 41. Rd3 g6 42. Ke4 Rb4+ 43. Ke3 Rb7 44. Kd4 f5 45. gxf5 gxf5 46. Rf3 f4 47. Rd3 Rb4+ 48. Kc3 Re4 49. a5 Re7 50. b4 Rf7 51. a6 f3 52. Rd1 f2 53. Rf1 Kxd5 54. a7 Rxa7 55. Rxf2 Ra3+ 56. Kb2 Rxh3 57. Rc2 Rg3 58. b5 Rg8 1/2-1/2

[Event "Steinfurt Bezirksklasse 0304"]
[Site "Germany"]
[Date "2003.09.27"]
[Round "1.5"]
[White "Heeger, Klaus"]
[Black "Peters, Tobias"]
[Result "1-0"]
[WhiteElo "1341"]
[BlackElo "1213"]
[PlyCount "87"]
[EventDate "2003.09.27"]
[EventType "team-tourn"]
[EventRounds "11"]
[EventCountry "GER"]
[SourceTitle "EXT 2005"]
[Source "ChessBase"]
[SourceDate "2004.11.15"]
[SourceVersion "1"]
[SourceVersionDate "2004.11.15"]
[SourceQuality "1"]
[WhiteTeam "Emsdetten Rochade IV"]
[BlackTeam "Rheine SG II"]
[WhiteTeamCountry "GER"]
[BlackTeamCountry "GER"]

1. d4 d5 2. e4 dxe4 3. f3 exf3 4. Nxf3 Nf6 5. Bc4 Bg4 6. Bxf7+ Kxf7 7. Ne5+ Kg8 8. Nxg4 Nc6 9. c3 Qd7 10. Qb3+ Nd5 11. Qxb7 Rd8 12. h3 Qe6+ 13. Kd1 h5 14. Re1 Qg6 15. Ne5 Nxe5 16. Rxe5 Qxg2 17. Rxd5 Qxd5 18. Qxa7 Qf3+ 19. Kc2 Qe2+ 20. Bd2 Rd7 21. Qa4 Qe4+ 22. Kd1 Qd5 23. Na3 e6 24. Nc2 Rf7 25. Ne3 Qh1+ 26. Be1 g6 27. h4 Qf3+ 28. Kd2 Bh6 29. Qe8+ Kg7 30. Qxe6 Bxe3+ 31. Qxe3 Qxe3+ 32. Kxe3 Rhf8 33. d5 Rf1 34. c4 Re8+ 35. Kd2 Rh1 36. b3 Rh2+ 37. Kd3 Ree2 38. Bc3+ Kh6 39. Ba5 Rxa2 40. Rxa2 Rxa2 41. Bxc7 g5 42. hxg5+ Kxg5 43. d6 h4 44. d7 1-0